Регионална библиотека "Любен Каравелов" - Русе

Eвропейският парламент в развитие (Запис номер 179294)

MARC детайли
000 -Лидер
Контролно поле с фиксирана дължина 01779nam a2200409 c 4500
003 - Код на организацията, давaща контролен номер
Контролно поле BLK
005 - Дата и час на последна редакция
Контролно поле 20180420235917.0
008 - Елементи от данни с фиксирана дължина
fixed length control field 180411b bul|||||r ||||||| ||bul||
010 ## - Наследен системен номер
LC control number KNG00188073000
020 ## - Международен стандартен номер на книга ISBN
Международен стандартен номер на книга ISBN 978-954-644-701-2
-- издат.: УНСС
040 ## - Източник на каталожния запис
Идентификатор на билиотеката - собственик на записа BLK
041 ## - Код за език
Код за езика на текст/звукозапис или на отделно заглавие Български
Код за езика КДБФ Български
072 #7 - Код за тематичната категория
Код организация bullib
Код за тематична категория Н32
Текст Политика Н
072 #7 - Код за тематичната категория
Код организация bullib
Код за тематична категория Т030201
Текст Европейски съюз
080 ## - УДК
Текстов определител УДК Парламенти. Представителни органи. Правителства. Вж и 342.53
УДК код - определител по УДК 328
УДК определител (4-6)(075.8)
УДК - код + определител 328(4-6)(075.8)
080 ## - УДК
Текстов определител УДК Европейски съюз - политически аспекти
УДК код - определител по УДК 327.7:061.1ЕС
УДК определител (075.8)
УДК - код + определител 327.7:061.1ЕС(075.8)
100 1# - Редна дума - Автор
Автор Моралийска, Моника Емилова
Авторска отговорност първи автор
R(LIN) 99055
139 ## - Редно поле
Редна дума Моралийска, Моника Емилова
Авторски знак Мор - М 89
245 10 - Сведения за заглавието
Заглавие Eвропейският парламент в развитие
Подзаглавни данни Уч. помагало
Редно поле (дума) Моника Емилова Моралийска.
257 ## - Страна на издаване
Страна на създаване/издаване България
260 ## - Област на издателските данни
-- София
Име на издателя, разпространителя и проч. УНСС
Година на издаване 2015
300 ## - Физическа характеристика
Страници 192 с.
Илюстрации и др. с табл., сх.
Размери/Мащаб 24 см
380 ## - Жанр
Жанр Обществени науки
500 ## - Общи забележки
Забележка Пълното име на авт. е Моника Емилова Моралийска-Иванова. - Библиогр. 149-162.
650 #4 - Допълнително описание по предмет – тема
Основно описание – тема или топоним Европейски парламент
9 (RLIN) 299421
650 #4 - Допълнително описание по предмет – тема
Основно описание – тема или топоним Европейски съюз
9 (RLIN) 258188
653 ## - Ключова дума – ненормативна
Ключова дума Европейски парламент
653 ## - Ключова дума – ненормативна
Ключова дума парламентарни комисии
653 ## - Ключова дума – ненормативна
Ключова дума избори
659 ## - Тематичен бюлетин
Тематичен бюлетин Е
659 ## - Тематичен бюлетин
Тематичен бюлетин Н
852 ## - Местоположение
Форматна сигнатура Цб 280718
856 4# - Електронен адрес и достъп
Електронен формат pdf - файл
Път до файла /url/
856 4# - Електронен адрес и достъп
Електронен формат pdf - файл
Път до файла /url/
942 ## - АРТИКУЛИ
Вид на библиотечния материал Книги
Скрит в OPAC Не
944 ## - СЪЗДАВАНЕ И РЕДАКЦИЯ на ЗАПИСА
Създаване/Редакция Създаване
Дата на регистрацията/редакция 30.05.2016
Служител, извършил регистрацията/редакцията Виолета_Тройчева
944 ## - СЪЗДАВАНЕ И РЕДАКЦИЯ на ЗАПИСА
Създаване/Редакция Редакция
Дата на регистрацията/редакция 17.12.2017
Служител, извършил регистрацията/редакцията Виолета_Тройчева
999 ## - СИСТЕМНИ КОНТРОЛНИ НОМЕРА
Koha biblionumber 179294
Koha biblioitemnumber 179294
Наличности
Код за отписване Код за изгубен артикул Код за повреда Коз за рестрикции Код за отдаване Артикулен № Име на библиотеката - собственик Име на библиотеката, в която се намира в момента Статус (Текущо местоположение) Дата на вписване в системата Местоположение - отдел Цена в лева Инвентарен номер Систематично азбучна сигнатура Баркод Номер на екземпляра Цена в евро Служебна бележка Служебен тип на артикула
  Не е изгубен Не е повреден без рестрикции заемане за дома 307518 Регионална библиотека "Любен Каравелов" Русе Регионална библиотека "Любен Каравелов" Русе Заемна - подръчен фонд 2016-05-31 Заемна - подръчен фонд 7.90 120000800460 П 328/М 89 120000800460 1 4.04 Дост: Pk Вид: Ф N: 2051 Дата: 26.05.2016 Дата инв: 02.02.2018 Бележки инв: П2018 Книги
Vip Innovations Ltd, Rousse, Bulgaria 2025